000 00231nmm a2200085Ia 4500
008 220120s9999||||xx |||||||||||||||||und||
020 _a0-07-052929
100 _aCHIP magazine
245 0 _aChip-Dec : Power tools and 80 plus flash games
999 _c139713
_d139713